Normal view
MARC view
Entry Personal Name
001 - CONTROL NUMBER
- control field: 36810
003 - CONTROL NUMBER IDENTIFIER
- control field: ARRUPE
005 - DATE AND TIME OF LATEST TRANSACTION
- control field: 20171009100156.0
008 - FIXED-LENGTH DATA ELEMENTS
- fixed length control field: 171009|| aca||aabn | a|a d
040 ## - CATALOGING SOURCE
- Original cataloging agency: ARRUPE
- Transcribing agency: ARRUPE
100 ## - HEADING--PERSONAL NAME
- Personal name: Clarke, James
670 ## - SOURCE DATA FOUND
- Source citation: Work cat.: (ARRUPE): Clarke, James, Back to earth, 1991